| 000 | 00541nam a2200193Ia 4500 | ||
|---|---|---|---|
| 005 | 20250923145049.0 | ||
| 008 | 008 250917s9999 xx 000 0 eng d | ||
| 037 | _aTextual | ||
| 040 |
_aDSWL _beng _cDSWL |
||
| 041 |
_aeng _2eng |
||
| 084 |
_aX:75.5N6, K6 _qDSWL |
||
| 100 |
_aOules, Firmin _9831412 |
||
| 245 | 0 |
_aEconomic planning and democracy _cby Firmin Oules |
|
| 260 |
_bPenguin Books _c1966 |
||
| 365 |
_aINR _b10.6 |
||
| 925 | _g10.6 | ||
| 942 |
_cTEXL _hX:75.5N6, K6 |
||
| 999 |
_c1446640 _d1446640 |
||